000 00618nam a2200193 a 4500
001 000012720
005 20240530073915.0
008 091116s1996 dr 000 f spa d
040 _aDO-SdBNP
_bspa
_cBNPHU
082 _aRD863.44
_bR173e
100 1 _aRamírez, Miguel Angel
_929487
245 1 0 _aExtraño :
_bdiseño de un alcohólico /
_cMiguel Angel Ramírez.
260 _aSanto Domingo :
_bImpresora Valdez,
_c1996.
300 _a227 p. ;
_c21 cm.
590 _aInventariado, 2019/VM
650 0 _aNovela dominicana
_9223
650 0 _aLiteratura dominicana.
_967
910 _aValidado. Control de calidad MMOLINA
999 _c12371
_d12371